Význam imigrácie pre ekonomiku USA bakalárska práca

Enregistré dans:
Détails bibliographiques
Auteur principal: Bagiová, Alexandra, 1994-
Collectivité auteur: Fakulta medzinárodných vzťahov EU. Katedra medzinárodných ekonomických vzťahov a hospodárskej diplomacie
Autres auteurs: Dudáš, Tomáš, 1976-
Format: Livre
Langue:slovaque
Publié: Bratislava 2016
Tags: Ajouter un tag
Pas de tags, Soyez le premier à ajouter un tag!

MARC

LEADER 00000nbm a2200000 4500
001 0218049
005 20170209103727.9
041 0 |a slo 
044 |a SK 
245 1 0 |a Význam imigrácie pre ekonomiku USA  |b bakalárska práca  |c Alexandra Bagiová ; školiteľ: Tomáš Dudáš 
264 1 |a Bratislava  |c 2016 
300 |a 58 s. 
100 1 |a Bagiová, Alexandra, 1994- 
700 1 |a Dudáš, Tomáš, 1976- 
710 2 |a Fakulta medzinárodných vzťahov EU. Katedra medzinárodných ekonomických vzťahov a hospodárskej diplomacie